[Event "SK Ochtrup 1 - SV Heiden 2"]
[Site "Verbandsklasse 2019/2020"]
[Date "2020.02.29"]
[Round "7.1"]
[White "Wienen, Josef"]
[Black "Jacob, Helmut"]
[Result "0-1"]
[WhiteElo "1609"]
[BlackElo "2028"]
[PlyCount "82"]
[EventDate "2020.??.??"]
[SourceDate "2019.09.20"]

1. c4 e5 2. Nc3 Nf6 3. g3 c6 4. Bg2 d5 5. d3 d4 6. Ne4 Be7 7. Nxf6+ Bxf6 8. Nf3
Bf5 9. O-O Nd7 10. Nd2 O-O 11. b4 Re8 12. c5 Be6 13. a4 Rc8 14. Ne4 Be7 15. Ba3
Nf6 16. f4 exf4 17. Rxf4 Nd5 18. Rf2 Ne3 19. Qb1 Nxg2 20. Kxg2 Qd5 21. Kg1 Rc7
22. Qc1 Rd7 23. h4 Qe5 24. Qf4 Qxf4 25. Rxf4 h6 26. Raf1 Red8 27. Kh2 f5 28.
Nd6 Bxd6 29. cxd6 Rxd6 30. h5 Rd5 31. Bb2 a5 32. Re1 axb4 33. e3 dxe3 34. d4 c5
35. Rxe3 Kf7 36. g4 c4 37. Kg3 c3 38. gxf5 Rxf5 39. Rxf5+ Bxf5 40. Kf4 cxb2 41.
Rb3 b1=Q 0-1

[Event "SK Ochtrup 1 - SV Heiden 2"]
[Site "Verbandsklasse 2019/2020"]
[Date "2020.02.29"]
[Round "7.2"]
[White "Moor, Daniel"]
[Black "Dolle, Stephan"]
[Result "1-0"]
[WhiteElo "1899"]
[BlackElo "1774"]
[PlyCount "105"]
[EventDate "2020.??.??"]
[SourceDate "2019.09.20"]

1. e4 c5 2. d4 cxd4 3. c3 dxc3 4. Nxc3 Nc6 5. Nf3 d6 6. Bc4 Nf6 7. h3 g6 8. Qe2
Bg7 9. O-O O-O 10. Rd1 Nd7 11. Bg5 Bxc3 12. bxc3 Nde5 13. Bh6 Nxf3+ 14. Qxf3
Ne5 15. Qe2 Re8 16. Bb3 Bd7 17. f4 Nc6 18. f5 Ne5 19. Rd5 Qb6+ 20. Be3 Qc7 21.
Rf1 e6 22. Rxe5 dxe5 23. f6 Qxc3 24. Rc1 Bb5 25. Qf2 Qd3 26. Rd1 Qe2 27. Qg3
Bd3 28. Qg5 Bxe4 29. Bf2 Qh5 30. Qe3 Bf5 31. Rd7 g5 32. g4 Bxg4 33. hxg4 Qxg4+
34. Qg3 Qxg3+ 35. Bxg3 b5 36. Bxe5 a5 37. Rd2 Rac8 38. Rg2 h6 39. Bb2 Red8 40.
a4 b4 41. Kf1 Rc5 42. Ke2 h5 43. Ke3 Rdc8 44. Bd1 g4 45. Bd4 Rc1 46. Rd2 Kh7
47. Bb2 R1c4 48. Be2 R4c5 49. Bd4 Rd5 50. Bd3+ Kh6 51. Be4 Rd7 52. Be5 h4 53.
Rxd7 1-0

[Event "SK Ochtrup 1 - SV Heiden 2"]
[Site "Verbandsklasse 2019/2020"]
[Date "2020.02.29"]
[Round "7.3"]
[White "Buchner, Ralf"]
[Black "Schwietering, Ralf"]
[Result "0-1"]
[WhiteElo "1669"]
[BlackElo "1817"]
[PlyCount "106"]
[EventDate "2020.??.??"]
[SourceDate "2019.09.20"]

1. d4 d5 2. Nf3 Bf5 3. b3 h6 4. e3 Nf6 5. Bd3 Ne4 6. O-O e6 7. Bb2 Be7 8. Nbd2
Nd7 9. Rc1 O-O 10. Qe2 Ndf6 11. h3 a5 12. a4 Bh7 13. c4 c6 14. cxd5 exd5 15.
Bc2 Kh8 16. Nxe4 Nxe4 17. Ne5 Bb4 18. Bxe4 Bxe4 19. Nd3 Bd6 20. Nc5 Qe7 21.
Nxe4 Qxe4 22. Qc2 Qe6 23. Bc3 f5 24. Qd2 Bc7 25. f4 Rfe8 26. Rf3 Qf6 27. Qf2
Re4 28. Bd2 Qe7 29. Ra1 Bb6 30. Qg3 Qf6 31. Rc1 Qf7 32. Bc3 Rae8 33. Rd1 Qe7
34. Bb2 Rxe3 35. Rd3 Rxf3 36. Qxf3 Qe2 37. Qxe2 Rxe2 38. Bc3 Re4 39. g3 g6 40.
Kg2 Kg7 41. Kf3 h5 42. h4 Kf7 43. Kf2 Ke6 44. Re3 c5 45. Rxe4+ dxe4 46. dxc5
Bxc5+ 47. Ke2 b6 48. Be1 Kd5 49. Kd1 Kc6 50. Kc2 Bb4 51. Bf2 e3 52. Bxe3 Be1
53. Kd3 Bxg3 0-1

[Event "SK Ochtrup 1 - SV Heiden 2"]
[Site "Verbandsklasse 2019/2020"]
[Date "2020.02.29"]
[Round "7.4"]
[White "Schmerling, Janek"]
[Black "Wichert, Michael"]
[Result "0-1"]
[WhiteElo "1676"]
[BlackElo "1730"]
[PlyCount "168"]
[EventDate "2020.??.??"]
[SourceDate "2019.09.20"]

1. e4 d5 2. exd5 Qxd5 3. Nc3 Qa5 4. d4 Nf6 5. Nf3 c6 6. Bc4 Bf5 7. Ne5 e6 8. a3
Nbd7 9. f4 Nxe5 10. fxe5 Ne4 11. Bd2 Nxd2 12. Qxd2 Be7 13. Qf4 Bxc2 14. O-O Bg6
15. Ne4 O-O 16. Rf3 Qb6 17. Kh1 Rfd8 18. Nd6 Bxd6 19. exd6 Rd7 20. Raf1 Qd8 21.
Bd3 Bxd3 22. Rxd3 f6 23. Rg3 Rf7 24. Re1 Qd7 25. Rge3 Re8 26. h4 e5 27. dxe5
fxe5 28. Qb4 Rf6 29. Rxe5 Rxe5 30. Rxe5 Rxd6 31. Qe4 Rd1+ 32. Kh2 Qc7 33. Qf4
Qf7 34. Rf5 Qe7 35. Qc4+ Kh8 36. Qe4 Qc7+ 37. Kh3 Rd8 38. Qf3 Qd7 39. Kh2 h6
40. Rf7 Qd6+ 41. Kh3 Qe6+ 42. g4 h5 43. Rf8+ Rxf8 44. Qxf8+ Kh7 45. Qf2 Qxg4+
46. Kh2 Qe4 47. b4 b6 48. Kg1 Qd3 49. Kh2 Kg8 50. Qa2+ Kh8 51. Qf2 Qd6+ 52. Kh3
c5 53. bxc5 bxc5 54. Qe2 Qd7+ 55. Kh2 Qf7 56. Qe4 c4 57. Qa8+ Kh7 58. Qe4+ g6
59. Kg3 Qc7+ 60. Kf3 c3 61. Qc2 Qc4 62. Kg3 Qg4+ 63. Kh2 Qxh4+ 64. Kg2 Qg4+ 65.
Kh2 Qf4+ 66. Kg1 Qe3+ 67. Kf1 h4 68. Qa4 Qe7 69. Qc4 Qf6+ 70. Ke1 Kh6 71. Qc8
Qe5+ 72. Kd1 Qd4+ 73. Kc2 Qd2+ 74. Kb3 Qb2+ 75. Ka4 c2 76. Qf8+ Kh7 77. Qf7+
Qg7 78. Qc4 Qd7+ 79. Kb3 h3 80. Kxc2 Qf5+ 81. Kd2 Qf2+ 82. Kc1 h2 83. Qc7+ Kh6
84. Qc8 h1=Q# 0-1

[Event "SK Ochtrup 1 - SV Heiden 2"]
[Site "Verbandsklasse 2019/2020"]
[Date "2020.02.29"]
[Round "7.5"]
[White "Blobel, Tobias"]
[Black "Holtmannspoetter, Thomas"]
[Result "1-0"]
[WhiteElo "1654"]
[BlackElo "1722"]
[PlyCount "57"]
[EventDate "2020.??.??"]
[SourceDate "2019.09.20"]

1. d4 Nf6 2. c4 g6 3. Nc3 d5 4. cxd5 Nxd5 5. e4 Nxc3 6. bxc3 Bg7 7. Nf3 O-O 8.
Bc4 c5 9. O-O Nc6 10. Be3 cxd4 11. cxd4 Bg4 12. e5 Na5 13. Be2 Rc8 14. Rc1 Qd5
15. Qa4 b6 16. Qa3 e6 17. Qa4 f6 18. Rfd1 Rxc1 19. Rxc1 fxe5 20. dxe5 Bxf3 21.
Bxf3 Qxe5 22. Qd7 Qf5 23. Qxa7 Bb2 24. Rd1 Qc2 25. Bh6 Rc8 26. Qe7 Qf5 27. Rd8+
Rxd8 28. Qxd8+ Kf7 29. Qf8# 1-0

[Event "SK Ochtrup 1 - SV Heiden 2"]
[Site "Verbandsklasse 2019/2020"]
[Date "2020.02.29"]
[Round "7.6"]
[White "Jacob, Barbara"]
[Black "Sicking, Andreas"]
[Result "0-1"]
[WhiteElo "1608"]
[BlackElo "1587"]
[PlyCount "90"]
[EventDate "2020.??.??"]
[SourceDate "2019.09.20"]

1. e4 e6 2. Nf3 b6 3. d4 Bb7 4. Bd3 c5 5. c3 Nf6 6. Qe2 Nc6 7. O-O Be7 8. Re1
O-O 9. Nbd2 cxd4 10. cxd4 Nb4 11. Bb1 Rc8 12. a3 Ba6 13. Qd1 Nd3 14. Bxd3 Bxd3
15. Qb3 Bc2 16. Qb5 d5 17. e5 Ne4 18. Nf1 Ng5 19. Nxg5 Bxg5 20. Ne3 Bg6 21. Bd2
f6 22. Bb4 Be8 23. Qe2 Rf7 24. Qg4 f5 25. Qe2 Rfc7 26. Bc3 Bg6 27. g3 f4 28.
Nf1 Rf7 29. f3 h5 30. h4 Bh6 31. Qg2 Kh7 32. Qh3 fxg3 33. Qxg3 a5 34. Ne3 Qe7
35. Ng2 Rcf8 36. Rf1 Bf4 37. Qe1 Bd3 38. Nxf4 Rxf4 39. Bd2 Bxf1 40. Bxf4 Rxf4
41. Qxf1 Qxh4 42. Qg2 Rxd4 43. Qc2+ Kh6 44. Qg2 Qf4 45. Rf1 Qxe5 0-1

[Event "SK Ochtrup 1 - SV Heiden 2"]
[Site "Verbandsklasse 2019/2020"]
[Date "2020.02.29"]
[Round "7.7"]
[White "Spoeler, Gerd"]
[Black "Wennemaring, Nico"]
[Result "1-0"]
[WhiteElo "1599"]
[BlackElo "1233"]
[PlyCount "45"]
[EventDate "2020.??.??"]
[SourceDate "2019.09.20"]

1. d4 d5 2. c4 dxc4 3. e4 g6 4. Bxc4 e6 5. Nf3 Bg7 6. O-O Ne7 7. Nc3 O-O 8. Be3
Nbc6 9. a3 b6 10. Rc1 Bb7 11. Qd2 Na5 12. Ba2 Ba6 13. Ne2 Bb7 14. b4 Nac6 15.
Bh6 a5 16. b5 Nb8 17. Bxg7 Kxg7 18. Qf4 c5 19. dxc5 bxc5 20. Rfd1 Qb6 21. a4
Rd8 22. Ng5 Rxd1+ 23. Rxd1 1-0

[Event "SF Reckenfeld 1 - SC Rochade Emsdetten "]
[Site "Verbandsklasse 2019/2020"]
[Date "2020.02.29"]
[Round "7.1"]
[White "Gerighausen, Karl Heinz"]
[Black "Boerger, Andreas"]
[Result "1/2-1/2"]
[WhiteElo "1692"]
[BlackElo "1734"]
[PlyCount "26"]
[EventDate "2020.??.??"]
[SourceDate "2019.09.20"]

1. c4 c5 2. g3 g6 3. Bg2 Bg7 4. a3 e6 5. e4 Nc6 6. Nc3 a6 7. d3 Nge7 8. Nge2
O-O 9. Rb1 b6 10. O-O Rb8 11. b4 Qc7 12. Bf4 d6 13. bxc5 bxc5 1/2-1/2

[Event "SF Reckenfeld 1 - SC Rochade Emsdetten "]
[Site "Verbandsklasse 2019/2020"]
[Date "2020.02.29"]
[Round "7.2"]
[White "Boeckmann, Dirk"]
[Black "Bahr, Maximilian"]
[Result "1-0"]
[WhiteElo "1706"]
[BlackElo "1738"]
[PlyCount "89"]
[EventDate "2020.??.??"]
[SourceDate "2019.09.20"]

1. d4 d5 2. Nf3 Nf6 3. Bf4 e6 4. c3 c5 5. e3 Nbd7 6. h3 Qb6 7. Qb3 Qxb3 8. axb3
cxd4 9. exd4 Be7 10. Bd3 O-O 11. Nbd2 h6 12. Ne5 Nh5 13. Bh2 Bg5 14. Ndf3 Nf4
15. Bf1 Nf6 16. h4 Ne4 17. hxg5 hxg5 18. Nxg5 Nxg2+ 19. Bxg2 Nxg5 20. O-O-O f6
21. Ng6 Re8 22. Bf4 Kf7 23. Bxg5 Kxg6 24. Bd2 Bd7 25. Rdg1 Kf7 26. Bf3 Rg8 27.
Rh7 a5 28. Bh6 Ke7 29. Rgxg7+ Rxg7 30. Rxg7+ Kd6 31. Bf4+ e5 32. dxe5+ fxe5 33.
Bxe5+ Kxe5 34. Rxd7 Rf8 35. Bxd5 Rxf2 36. Bxb7 Rf1+ 37. Kc2 Ke6 38. Rd5 Rf2+
39. Kb1 Rf7 40. Rb5 Kd6 41. Bd5 Ra7 42. c4 Ra6 43. Kc2 Ra7 44. b4 a4 45. Ra5
1-0

[Event "SF Reckenfeld 1 - SC Rochade Emsdetten "]
[Site "Verbandsklasse 2019/2020"]
[Date "2020.02.29"]
[Round "7.3"]
[White "Fuhrmann, Andreas"]
[Black "Holtmannspoetter, Michael"]
[Result "1-0"]
[WhiteElo "1651"]
[BlackElo "1602"]
[PlyCount "41"]
[EventDate "2020.??.??"]
[SourceDate "2019.09.20"]

1. Nf3 Nf6 2. c4 c5 3. g3 g6 4. Bg2 Bg7 5. O-O Nc6 6. d4 cxd4 7. Nxd4 O-O 8.
Nc3 a6 9. c5 Re8 10. Nb3 Qc7 11. Bf4 e5 12. Bg5 h6 13. Bxf6 Bxf6 14. Ne4 Be7
15. Qd2 Kh7 16. Rac1 Rb8 17. Rfd1 b6 18. Nd6 Bxd6 19. cxd6 Qd8 20. Bxc6 dxc6
21. d7 1-0

[Event "SF Reckenfeld 1 - SC Rochade Emsdetten "]
[Site "Verbandsklasse 2019/2020"]
[Date "2020.02.29"]
[Round "7.4"]
[White "Woeste, Georg"]
[Black "Willermann, Norbert"]
[Result "1-0"]
[WhiteElo "1721"]
[BlackElo "1597"]
[PlyCount "61"]
[EventDate "2020.??.??"]
[SourceDate "2019.09.20"]

1. d4 Nf6 2. c4 c5 3. Nf3 cxd4 4. Nxd4 g6 5. Nc3 Bg7 6. e3 O-O 7. Be2 d6 8. O-O
Bd7 9. b3 Nc6 10. Bb2 a6 11. Bf3 Rc8 12. Rc1 Qc7 13. Nd5 Qd8 14. Nxc6 Bxc6 15.
Nxf6+ Bxf6 16. Bxf6 exf6 17. Rc2 Qe7 18. Rd2 Rfd8 19. Qe2 Qe5 20. Rfd1 Kf8 21.
Bd5 f5 22. Qf3 Ke7 23. Rd4 Rc7 24. Re4 Bxd5 25. Rxe5+ dxe5 26. cxd5 e4 27. Qf4
Rc2 28. Qe5+ Kf8 29. d6 Kg8 30. h3 Rxa2 31. Qe7 1-0

[Event "SF Reckenfeld 1 - SC Rochade Emsdetten "]
[Site "Verbandsklasse 2019/2020"]
[Date "2020.02.29"]
[Round "7.5"]
[White "Peters, Tobias"]
[Black "Lachmuth, Mathias"]
[Result "1/2-1/2"]
[WhiteElo "1686"]
[BlackElo "1656"]
[PlyCount "24"]
[EventDate "2020.??.??"]
[SourceDate "2019.09.20"]

1. e4 a6 2. d4 b5 3. f4 Bb7 4. Bd3 Nf6 5. Nd2 e6 6. Ngf3 c5 7. c3 Qc7 8. O-O
Ng4 9. Qe1 Qxf4 10. Nc4 Qc7 11. Nce5 Nxe5 12. Nxe5 f6 1/2-1/2

[Event "SF Reckenfeld 1 - SC Rochade Emsdetten "]
[Site "Verbandsklasse 2019/2020"]
[Date "2020.02.29"]
[Round "7.6"]
[White "Merschkoetter, Peter"]
[Black "Pfeiffer, Erich"]
[Result "1/2-1/2"]
[WhiteElo "1643"]
[BlackElo "1575"]
[PlyCount "37"]
[EventDate "2020.??.??"]
[SourceDate "2019.09.20"]

1. d4 d5 2. c4 c6 3. Nc3 g6 4. cxd5 cxd5 5. Nf3 Bg7 6. Bf4 Nf6 7. h3 O-O 8. e3
a6 9. Bd3 b5 10. Rc1 Bb7 11. O-O Nbd7 12. Qb3 Qa5 13. a4 b4 14. Na2 Nb6 15. Rc7
Bc8 16. Bc2 Bd7 17. Qxb4 Qxb4 18. Nxb4 Bxa4 19. Bxa4 1/2-1/2

[Event "SF Reckenfeld 1 - SC Rochade Emsdetten "]
[Site "Verbandsklasse 2019/2020"]
[Date "2020.02.29"]
[Round "7.7"]
[White "Gatterdam, Karl Heinz"]
[Black "Roewekamp, Andre"]
[Result "1/2-1/2"]
[WhiteElo "1695"]
[BlackElo "1622"]
[PlyCount "60"]
[EventDate "2020.??.??"]
[SourceDate "2019.09.20"]

1. d4 d5 2. c4 Nf6 3. cxd5 Qxd5 4. Nc3 Qd8 5. Nf3 e6 6. Bg5 h6 7. Bh4 Be7 8. e3
O-O 9. Qc2 Nd5 10. Bxe7 Qxe7 11. Rc1 c6 12. a3 Nd7 13. Be2 Rd8 14. O-O N5f6 15.
Rfd1 Re8 16. b4 a6 17. Na4 e5 18. Nc5 exd4 19. Nxd7 Bxd7 20. Rxd4 Nd5 21. Ne1
Qg5 22. Qd2 Be6 23. Bf3 Rad8 24. Nd3 Nc7 25. Nc5 Rxd4 26. Qxd4 Rd8 27. Nxe6
Nxe6 28. Qb6 Qe7 29. Qa5 Ng5 30. Qf5 Nxf3+ 1/2-1/2

[Event "SF Reckenfeld 1 - SC Rochade Emsdetten "]
[Site "Verbandsklasse 2019/2020"]
[Date "2020.02.29"]
[Round "7.8"]
[White "Richter, Michael"]
[Black "Lehmann, Mona"]
[Result "1/2-1/2"]
[WhiteElo "1620"]
[BlackElo "1897"]
[PlyCount "31"]
[EventDate "2020.??.??"]
[SourceDate "2019.09.20"]

1. Nf3 d5 2. d4 Nf6 3. e3 g6 4. Bd3 Bg7 5. O-O O-O 6. Nbd2 Re8 7. c3 Nbd7 8. e4
e5 9. Nxe5 dxe4 10. Nxe4 Nxe5 11. Nxf6+ Qxf6 12. dxe5 Qxe5 13. Be3 c5 14. Qf3
Qc7 15. Bb5 Rd8 16. Bf4 1/2-1/2

[Event "SC Klein-Berlin Rheine 2 - SC Gronau 2"]
[Site "Verbandsklasse 2019/2020"]
[Date "2020.02.29"]
[Round "7.1"]
[White "Kloenne, Tim"]
[Black "Van Dijk, Guido"]
[Result "1/2-1/2"]
[WhiteElo "1801"]
[BlackElo "1798"]
[PlyCount "20"]
[EventDate "2020.??.??"]
[SourceDate "2019.09.20"]

1. c4 c6 2. g3 d5 3. Bg2 Nf6 4. Nf3 Bf5 5. O-O h6 6. cxd5 cxd5 7. d3 Nc6 8. Qb3
Qd7 9. Nc3 e5 10. Rd1 Be6 1/2-1/2

[Event "SC Klein-Berlin Rheine 2 - SC Gronau 2"]
[Site "Verbandsklasse 2019/2020"]
[Date "2020.02.29"]
[Round "7.3"]
[White "Binger, Friedhelm"]
[Black "Hemmert, Michael"]
[Result "1/2-1/2"]
[WhiteElo "1703"]
[BlackElo "1775"]
[PlyCount "33"]
[EventDate "2020.??.??"]
[SourceDate "2019.09.20"]

1. e4 g6 2. d4 Bg7 3. Nc3 d6 4. f4 c6 5. Nf3 Nf6 6. Bd3 Qc7 7. e5 Nd5 8. Nxd5
cxd5 9. O-O Nc6 10. c3 O-O 11. h3 a6 12. a4 Bd7 13. Be3 Na5 14. Nd2 dxe5 15.
fxe5 Nc4 16. Nxc4 dxc4 17. Be4 1/2-1/2

[Event "SC Klein-Berlin Rheine 2 - SC Gronau 2"]
[Site "Verbandsklasse 2019/2020"]
[Date "2020.02.29"]
[Round "7.4"]
[White "Miethe, Christoph"]
[Black "Reinhold, Klaus"]
[Result "1/2-1/2"]
[WhiteElo "1771"]
[BlackElo "1823"]
[PlyCount "113"]
[EventDate "2020.??.??"]
[SourceDate "2019.09.20"]

1. e4 e5 2. Nf3 Nc6 3. Bc4 Bc5 4. O-O Nf6 5. d3 h6 6. c3 d6 7. d4 exd4 8. cxd4
Bb6 9. d5 Ne5 10. Nxe5 dxe5 11. Nc3 O-O 12. h3 Ne8 13. Qe2 Nd6 14. Bb3 f5 15.
exf5 Bxf5 16. g4 Bd7 17. Qxe5 Qh4 18. Bf4 Qxh3 19. Bh2 Qxg4+ 20. Qg3 Rae8 21.
Qxg4 Bxg4 22. Bg3 a6 23. Rfe1 Kh8 24. Rxe8 Rxe8 25. Kg2 Bd4 26. Rc1 Be5 27.
Bxe5 Rxe5 28. f3 Bf5 29. f4 Re7 30. Kf3 h5 31. Bc2 Bxc2 32. Rxc2 Nf5 33. Rd2
Re3+ 34. Kf2 Rh3 35. Kg2 Rg3+ 36. Kf2 Rh3 37. Kg2 Re3 38. Nd1 Re1 39. Nf2 Nd6
40. Rc2 Re7 41. Nd3 Nf5 42. Kf2 Ne3 43. Rc5 Ng4+ 44. Kf1 g6 45. a4 Kg7 46. b4
Kf6 47. b5 axb5 48. Rxb5 Rd7 49. Ke2 b6 50. a5 bxa5 51. Rxa5 Re7+ 52. Kf1 Re3
53. Ne1 Re4 54. Ng2 Ne3+ 55. Nxe3 Rxe3 56. Kf2 Rd3 57. Rc5 1/2-1/2

[Event "SC Klein-Berlin Rheine 2 - SC Gronau 2"]
[Site "Verbandsklasse 2019/2020"]
[Date "2020.02.29"]
[Round "7.5"]
[White "Sprenger, Franz"]
[Black "Horstmann, Michael"]
[Result "0-1"]
[WhiteElo "1675"]
[BlackElo "1685"]
[PlyCount "68"]
[EventDate "2020.??.??"]
[SourceDate "2019.09.20"]

1. e4 d5 2. exd5 Qxd5 3. Nc3 Qa5 4. d4 Nf6 5. Bd2 Bg4 6. Nf3 e6 7. Bc4 Bb4 8.
a3 Bxc3 9. Bxc3 Qb6 10. Be2 Nc6 11. h3 Bh5 12. g4 Bg6 13. Qd2 O-O-O 14. O-O-O
Rhe8 15. Qe1 Nd5 16. Ne5 Nxe5 17. dxe5 Nxc3 18. Qxc3 Qxf2 19. Rde1 Qf4+ 20. Kb1
Qd2 21. Qb3 Qa5 22. Bf3 c6 23. h4 h6 24. Qe3 Qa4 25. Rh2 Qd4 26. Qb3 Qf4 27.
Rhh1 Rd2 28. Bd1 Rf2 29. Re3 Rd8 30. Ka2 Be4 31. Qc3 Bxh1 32. Be2 Bd5+ 33. b3
Bg2 34. Bb5 Qd4 0-1

[Event "SC Klein-Berlin Rheine 2 - SC Gronau 2"]
[Site "Verbandsklasse 2019/2020"]
[Date "2020.02.29"]
[Round "7.6"]
[White "Brinkmann, Franz Josef"]
[Black "Schlueter, Gerhard"]
[Result "1-0"]
[WhiteElo "1737"]
[BlackElo "1655"]
[PlyCount "95"]
[EventDate "2020.??.??"]
[SourceDate "2019.09.20"]

1. e4 e5 2. Nf3 Nc6 3. Bc4 Be7 4. c3 Nf6 5. d4 d6 6. d5 Nb8 7. Qd3 Nbd7 8. b4
O-O 9. O-O h6 10. h3 Nh7 11. Bb3 Nb6 12. Nh2 f5 13. Nd2 Ng5 14. f3 f4 15. a4 a5
16. Rf2 Qe8 17. b5 Qh5 18. Kh1 Bd7 19. Ng4 Nh7 20. c4 Kh8 21. Bb2 Nf6 22. Qe2
Nxg4 23. fxg4 Qg5 24. Nf3 Qg6 25. c5 Nc8 26. Rc1 h5 27. cxd6 cxd6 28. gxh5 Qxh5
29. Rc7 Bg4 30. Rxb7 Rf6 31. Kg1 Rh6 32. Rc7 Bxh3 33. gxh3 Qxh3 34. Rh2 Qg3+
35. Qg2 Rxh2 36. Qxg3 fxg3 37. Nxh2 gxh2+ 38. Kxh2 Kg8 39. Bd1 Kf8 40. Bg4 Nb6
41. Bd1 Rc8 42. Rc6 Rxc6 43. bxc6 Bd8 44. Bc3 Nc4 45. Kg3 Ke8 46. Be2 Nb6 47.
Bxa5 Nxa4 48. c7 1-0

[Event "SC Klein-Berlin Rheine 2 - SC Gronau 2"]
[Site "Verbandsklasse 2019/2020"]
[Date "2020.02.29"]
[Round "7.7"]
[White "Baer, Klaus"]
[Black "Pohlmeier, Ulrich"]
[Result "1-0"]
[WhiteElo "1623"]
[BlackElo "1589"]
[PlyCount "81"]
[EventDate "2020.??.??"]
[SourceDate "2019.09.20"]

1. c4 e6 2. Nc3 Nf6 3. g3 d5 4. d4 dxc4 5. Qa4+ Bd7 6. Qxc4 Bc6 7. f3 Be7 8. e4
O-O 9. Be3 Nbd7 10. d5 Nb6 11. Bxb6 exd5 12. exd5 Bxd5 13. Nxd5 Nxd5 14. Bc5
Re8 15. O-O-O c6 16. Bd3 Qa5 17. Bd4 b5 18. Qb3 Rad8 19. Be4 Bg5+ 20. Kb1 Ne3
21. Bxe3 Rxd1+ 22. Qxd1 Bxe3 23. Ne2 Rd8 24. Bd3 c5 25. Qc2 c4 26. Bxh7+ Kh8
27. Be4 Rd2 28. Qc3 Qb6 29. Re1 Qc5 30. f4 f6 31. Nc1 Bxf4 32. gxf4 Qf2 33. Rd1
Rxd1 34. Qh3+ Kg8 35. Qh7+ Kf8 36. Qh8+ Kf7 37. Qh5+ Ke7 38. Qxd1 Qxf4 39. Qe2
Qe5 40. Qg4 f5 41. Qxf5 1-0

[Event "SC Klein-Berlin Rheine 2 - SC Gronau 2"]
[Site "Verbandsklasse 2019/2020"]
[Date "2020.02.29"]
[Round "7.8"]
[White "Engfer, Klaus"]
[Black "Gerdes, Joachim"]
[Result "1/2-1/2"]
[WhiteElo "1570"]
[BlackElo "1276"]
[PlyCount "47"]
[EventDate "2020.??.??"]
[SourceDate "2019.09.20"]

1. e4 c5 2. Nf3 d6 3. d4 cxd4 4. Nxd4 Nf6 5. Nc3 a6 6. Bg5 e5 7. Bxf6 Qxf6 8.
Nf3 b5 9. Bd3 Qd8 10. O-O Be7 11. h3 Bb7 12. Qe2 O-O 13. Rfd1 Nd7 14. Nd5 Nf6
15. c4 bxc4 16. Bxc4 Nxd5 17. Bxd5 Bxd5 18. Rxd5 Qb6 19. Rad1 Rfc8 20. b3 Ra7
21. R1d2 Rac7 22. Rb2 a5 23. Kh2 h6 24. Qb5 1/2-1/2

[Event "SC Hiltrup 1 - SV Heiden 1"]
[Site "Verbandsklasse 2019/2020"]
[Date "2020.02.29"]
[Round "7.1"]
[White "Wienen, Hermann"]
[Black "Kammers, Heribert"]
[Result "0-1"]
[WhiteElo "1966"]
[BlackElo "1941"]
[PlyCount "46"]
[EventDate "2020.??.??"]
[SourceDate "2019.09.20"]

1. e4 e6 2. d4 d5 3. exd5 exd5 4. Bd3 Nc6 5. c3 Bd6 6. Ne2 Nf6 7. h3 h6 8. Bf4
O-O 9. O-O Re8 10. Bxd6 Qxd6 11. Nd2 Ne4 12. Qc2 Bf5 13. Rfe1 Qg6 14. Nf3 Ng5
15. Nxg5 Bxd3 16. Nf4 Bxc2 17. Nxg6 Bxg6 18. Nf3 Kf8 19. Rad1 Rxe1+ 20. Nxe1
Re8 21. Kf1 Nd8 22. Rd2 Ne6 23. g3 Ng5 0-1

[Event "SC Hiltrup 1 - SV Heiden 1"]
[Site "Verbandsklasse 2019/2020"]
[Date "2020.02.29"]
[Round "7.2"]
[White "Junk, Phillip"]
[Black "Berger, Alfred Josef"]
[Result "0-1"]
[WhiteElo "1929"]
[BlackElo "1863"]
[PlyCount "84"]
[EventDate "2020.??.??"]
[SourceDate "2019.09.20"]

1. e4 e6 2. d4 d5 3. Nd2 c5 4. Ngf3 Nf6 5. exd5 exd5 6. dxc5 Bxc5 7. Bb5+ Nc6
8. O-O O-O 9. Nb3 Bb6 10. Bg5 a6 11. Bd3 Bg4 12. h3 Bh5 13. c3 Qd6 14. Bh4 Rfe8
15. g4 Bg6 16. Bxg6 hxg6 17. Nbd4 Ne4 18. Kg2 Nxd4 19. Nxd4 Bxd4 20. Qxd4 g5
21. Bg3 Nxg3 22. fxg3 Re2+ 23. Rf2 Rae8 24. Rd1 R8e3 25. Qxe3 Rxe3 26. Rf3 Re2+
27. Rf2 Qe5 28. Rd3 Qe4+ 29. Rdf3 Rxf2+ 30. Kxf2 Qc2+ 31. Ke3 Qxb2 32. Kd3 Qxa2
33. Rf5 Qc4+ 34. Kd2 f6 35. Rf3 a5 36. Re3 Kf7 37. Kc2 b5 38. Kb2 d4 39. Re4
dxc3+ 40. Ka3 Qxe4 41. h4 Qb4+ 42. Ka2 Qb2# 0-1

[Event "SC Hiltrup 1 - SV Heiden 1"]
[Site "Verbandsklasse 2019/2020"]
[Date "2020.02.29"]
[Round "7.3"]
[White "Sicking, Norbert"]
[Black "Voigt, Stefan"]
[Result "0-1"]
[WhiteElo "1767"]
[BlackElo "1729"]
[PlyCount "60"]
[EventDate "2020.??.??"]
[SourceDate "2019.09.20"]

1. d4 d5 2. Nf3 e6 3. g3 c5 4. c3 Nc6 5. Bg2 Nf6 6. O-O Be7 7. Nbd2 O-O 8. Re1
cxd4 9. cxd4 Bd7 10. Nb3 Ne4 11. Nfd2 f5 12. f3 Nd6 13. a3 b6 14. e3 Qe8 15. f4
Rc8 16. Nb1 Qg6 17. N3d2 h5 18. Qf3 h4 19. Nc3 Kf7 20. Kf2 Rh8 21. b3 Ne4+ 22.
Ndxe4 fxe4 23. Qd1 Nxd4 24. Bd2 hxg3+ 25. hxg3 Nf5 26. g4 Rh2 27. Kg1 Rch8 28.
Rf1 Ng3 29. Be1 Nxf1 30. Kxf1 Bh4 0-1

[Event "SC Hiltrup 1 - SV Heiden 1"]
[Site "Verbandsklasse 2019/2020"]
[Date "2020.02.29"]
[Round "7.4"]
[White "Buchholz, Christian"]
[Black "Niewerth, Gerd"]
[Result "0-1"]
[WhiteElo "1683"]
[BlackElo "1826"]
[PlyCount "80"]
[EventDate "2020.??.??"]
[SourceDate "2019.09.20"]

1. e4 c6 2. d4 d5 3. Nc3 dxe4 4. Nxe4 Bf5 5. Ng3 Bg6 6. Nf3 Nd7 7. h4 h6 8. Bf4
Ngf6 9. c4 e6 10. a3 Be7 11. Bd3 Bxd3 12. Qxd3 Qa5+ 13. b4 Bxb4+ 14. Ke2 Be7
15. Rhb1 Qa6 16. c5 Qxd3+ 17. Kxd3 Nd5 18. Bd2 Bf6 19. Nh5 b6 20. Nxf6+ N5xf6
21. cxb6 axb6 22. Rc1 c5 23. dxc5 Nxc5+ 24. Ke2 Nb3 25. Bb4 Nxa1 26. Rxa1 Nd5
27. Rc1 Nxb4 28. axb4 O-O 29. Rc6 b5 30. Ne5 Ra4 31. Nd3 Rd8 32. Rc3 g6 33. g3
Rxd3 34. Rc8+ Kg7 35. Kxd3 Rxb4 36. Rc3 Kf6 37. Kc2 Rc4 38. f3 Ke5 39. Kd3
Rxc3+ 40. Kxc3 b4+ 0-1

[Event "SC Hiltrup 1 - SV Heiden 1"]
[Site "Verbandsklasse 2019/2020"]
[Date "2020.02.29"]
[Round "7.5"]
[White "Winzenhoerlein, Thomas"]
[Black "Haves, Daniel"]
[Result "1/2-1/2"]
[WhiteElo "1789"]
[BlackElo "1640"]
[PlyCount "45"]
[EventDate "2020.??.??"]
[SourceDate "2019.09.20"]

1. f4 f5 2. e4 fxe4 3. d3 exd3 4. Bxd3 Nf6 5. Nf3 d5 6. Nc3 e6 7. O-O Bc5+ 8.
Kh1 O-O 9. Qe1 Qe8 10. Bd2 Nc6 11. a3 a6 12. b4 Bd6 13. Qh4 Qh5 14. Qxh5 Nxh5
15. g3 Nf6 16. Rfe1 Bd7 17. Re2 Rae8 18. Rae1 h6 19. Nd1 b5 20. Kg2 Nd8 21. c3
Nb7 22. Nf2 c5 23. h3 1/2-1/2

[Event "SC Hiltrup 1 - SV Heiden 1"]
[Site "Verbandsklasse 2019/2020"]
[Date "2020.02.29"]
[Round "7.6"]
[White "Junk, Andreas"]
[Black "Wigger, Niklas"]
[Result "0-1"]
[WhiteElo "1727"]
[BlackElo "1819"]
[PlyCount "44"]
[EventDate "2020.??.??"]
[SourceDate "2019.09.20"]

1. e4 c5 2. Nc3 a6 3. f4 b5 4. d3 Bb7 5. Nf3 e6 6. Be2 b4 7. Nb1 Be7 8. Nbd2
Nc6 9. O-O d6 10. Qe1 Nf6 11. h3 O-O 12. Bd1 Rc8 13. b3 d5 14. Ne5 dxe4 15. Bb2
exd3 16. Nxd3 Nd4 17. Nf3 Bxf3 18. gxf3 Nh5 19. Qe3 Nf5 20. Qc1 Bd6 21. Qd2
Bxf4 22. Qe1 Qg5+ 0-1